[Event "287th YMCA Spring B"]
[Site "Warsaw"]
[Date "2024.04.26"]
[Round "1"]
[White "Kania, Tomasz"]
[Black "Pajak, Jakub"]
[Result "1/2-1/2"]
[WhiteElo "1833"]
[BlackElo "1887"]
[PlyCount "35"]
[EventDate "2024.04.10"]
[EventType "tourn"]
[EventRounds "1"]
[EventCountry "POL"]
[SourceDate "2024.04.10"]

1. d4 d5 2. c4 e6 3. Nf3 c6 4. Nbd2 Nf6 5. g3 Bb4 6. Qc2 Nbd7 7. Bg2 b6 8. O-O
Bb7 9. b3 Rc8 10. Bb2 O-O 11. Rac1 h6 12. Rfd1 Qe7 13. e4 Bxd2 14. Nxd2 dxe4
15. Nxe4 Nxe4 16. Qxe4 Nf6 17. Qh4 Rfd8 18. Re1 $11 1/2-1/2

[Event "287th YMCA Spring B"]
[Site "Warsaw"]
[Date "2024.04.11"]
[Round "1"]
[White "Sternik, Piotr"]
[Black "Kasperski, Marcin"]
[Result "1-0"]
[WhiteElo "1875"]
[BlackElo "1766"]
[PlyCount "149"]
[EventDate "2024.04.10"]
[EventType "tourn"]
[EventRounds "1"]
[EventCountry "POL"]
[SourceDate "2024.04.10"]

1. d4 Nf6 2. c4 g6 3. Nc3 d5 4. Qb3 dxc4 5. Qxc4 Nbd7 6. Nf3 Bg7 7. e4 Nb6 8.
Qb3 O-O 9. h3 c6 10. Be2 Be6 11. Qc2 Bc4 12. Be3 Bxe2 13. Qxe2 Rc8 14. O-O Qc7
15. Rac1 Qb8 16. a4 Rfd8 17. a5 Nbd7 18. e5 Nd5 19. Nxd5 cxd5 20. Bg5 Re8 21.
e6 Nf8 22. exf7+ Kxf7 23. Qb5 e6 24. Bf4 a6 25. Qxe8+ Kxe8 26. Bxb8 Rxb8 27.
Rc7 Nd7 28. Re1 Kd8 29. Rc2 Nf8 30. Ne5 Bf6 31. Rec1 Nd7 32. Nxd7 Kxd7 33. Rc7+
Kd6 34. Rxh7 Bxd4 35. Rcc7 b6 36. Rhd7+ Ke5 37. Rc6 bxa5 38. Re7 Rxb2 39.
Rcxe6+ Kf5 40. g4+ Kg5 41. Rd6 Bxf2+ 42. Kf1 d4 43. Re5+ Kh4 44. Re2 Rxe2 45.
Kxe2 Be3 46. Rxg6 Kxh3 47. Kf3 Kh4 48. Rxa6 Kg5 49. Rxa5+ Kf6 50. Rd5 Ke6 51.
Rf5 Bc1 52. Ke4 Be3 53. g5 Bc1 54. g6 Bh6 55. Rf7 Be3 56. Rf1 Bh6 57. Kxd4 Bg7+
58. Kc5 Bf6 59. Kc6 Bg7 60. Kc7 Bf6 61. Rf3 Ke7 62. Re3+ Kf8 63. Kd7 Kg7 64.
Rg3 Bb2 65. Ke6 Bd4 66. Kf5 Bb2 67. Rb3 Bd4 68. Rb7+ Kg8 69. g7 Kh7 70. Kg5 Bc3
71. Kf5 Bd4 72. Ke6 Bxg7 73. Kf7 Kh6 74. Rb6+ Kh7 75. Rb1 1-0

[Event "287th YMCA Spring B"]
[Site "Warsaw"]
[Date "2024.04.11"]
[Round "1"]
[White "Kacprzak, Karol"]
[Black "Pichurko, Jakub"]
[Result "1/2-1/2"]
[WhiteElo "1810"]
[BlackElo "1762"]
[PlyCount "44"]
[EventDate "2024.04.10"]
[EventType "tourn"]
[EventRounds "1"]
[EventCountry "POL"]
[SourceDate "2024.04.10"]

1. c4 c6 2. e4 d5 3. exd5 cxd5 4. d4 Nf6 5. Nc3 Nc6 6. cxd5 Nxd5 7. Nf3 Bg4 8.
Be2 e6 9. O-O Bb4 10. Ne4 O-O 11. a3 Be7 12. b4 a6 13. Bb2 b6 14. Ne5 Bxe2 15.
Qxe2 Nxe5 16. dxe5 a5 17. b5 Rc8 18. Rfd1 Qd7 19. Nf6+ Bxf6 20. exf6 Rfd8 21.
Qg4 g6 22. Qg5 Qe8 $11 1/2-1/2

[Event "287th YMCA Spring B"]
[Site "Warsaw"]
[Date "2024.04.11"]
[Round "1"]
[White "Pietrzak, Wojciech"]
[Black "Pettersson, Alexander"]
[Result "0-1"]
[WhiteElo "1856"]
[BlackElo "1856"]
[PlyCount "74"]
[EventDate "2024.04.10"]
[EventType "tourn"]
[EventRounds "1"]
[EventCountry "POL"]
[SourceDate "2024.04.10"]

1. e4 c6 2. d3 d5 3. Nd2 e5 4. c3 Nf6 5. Ngf3 Bd6 6. h3 O-O 7. Be2 Nbd7 8. Qc2
Re8 9. g4 Nf8 10. Nf1 Ng6 11. Ng3 Nf4 12. Bd2 Ng2+ 13. Kf1 Nf4 14. Re1 b6 15.
g5 dxe4 16. dxe4 Nxe2 17. Rxe2 Nd7 18. Kg2 Nf8 19. Be3 Ne6 20. Rd2 Qc7 21. Nf5
Bc5 22. Bxc5 Nf4+ 23. Kh2 bxc5 24. Nd6 Bxh3 25. Kg3 Bg2 26. Nxe8 Rxe8 27. Rh2
Bxf3 28. Kxf3 Qe7 29. Qa4 Qxg5 30. Qxc6 Rf8 31. Qxc5 f5 32. Qxe5 fxe4+ 33. Qxe4
h5 34. Ke3 Qg1 35. Qh1 Re8+ 36. Kd4 Qg5 37. c4 Qe5# 0-1

[Event "287th YMCA Spring B"]
[Site "Warsaw"]
[Date "2024.04.11"]
[Round "1"]
[White "Mazurek, Jerzy"]
[Black "Szukalski, Antoni"]
[Result "1-0"]
[WhiteElo "1839"]
[BlackElo "1792"]
[PlyCount "47"]
[EventDate "2024.04.10"]
[EventType "tourn"]
[EventRounds "1"]
[EventCountry "POL"]
[SourceDate "2024.04.10"]

1. e4 c6 2. d4 d5 3. Nc3 dxe4 4. Nxe4 Bf5 5. Ng3 Bg6 6. h4 h6 7. Nf3 Nf6 8. Ne5
Bh7 9. Bd3 Bxd3 10. Qxd3 Nbd7 11. f4 e6 12. Bd2 Qb6 13. O-O-O a5 14. f5 Nxe5
15. dxe5 Rd8 16. Qf3 Nd5 17. fxe6 fxe6 18. c4 Qc5 19. Qg4 Nc7 20. Qh5+ Ke7 21.
Bg5+ hxg5 22. Qxg5+ Kf7 23. Rhf1+ Kg8 24. Rxd8 1-0

[Event "287th YMCA Spring B"]
[Site "Warsaw"]
[Date "2024.04.09"]
[Round "1"]
[White "Sypula, Krzysztof"]
[Black "Kwiecinski, Rafal"]
[Result "0-1"]
[WhiteElo "1758"]
[BlackElo "1759"]
[PlyCount "90"]
[EventDate "2024.04.10"]
[EventType "tourn"]
[EventRounds "1"]
[EventCountry "POL"]
[SourceDate "2024.04.10"]

1. Nf3 c5 2. g3 Nf6 3. Bg2 Nc6 4. d4 cxd4 5. Nxd4 g6 6. c4 Bg7 7. Nc3 O-O 8.
O-O Nh5 9. Nxc6 bxc6 10. Qc2 Bb7 11. e4 Qc7 12. Be3 e5 13. Rad1 Rfe8 14. c5 Bf8
15. Rd2 Ng7 16. Rfd1 Bc8 17. Ne2 Ne6 18. f4 Qa5 19. fxe5 Bxc5 20. Bxc5 Qxc5+
21. Qxc5 Nxc5 22. Rc1 Rxe5 23. Nc3 Kg7 24. Rd4 Rb8 25. b3 a5 26. Kf2 Ba6 27.
Bf1 Bxf1 28. Kxf1 Rbe8 29. Rcd1 f5 30. exf5 Rxf5+ 31. Kg2 d5 32. b4 Ne6 33. Rg4
h5 34. Rh4 g5 35. Rxh5 axb4 36. Nb1 Kg6 37. Rh3 Nc5 38. Kg1 Re2 39. Rc1 Ne4 40.
a3 c5 41. axb4 cxb4 42. g4 Rf4 43. Rc6+ Nf6 44. Rb3 Rxg4+ 45. Kf1 Rxh2 0-1

[Event "287th YMCA Spring B"]
[Site "Warsaw"]
[Date "2024.04.18"]
[Round "2"]
[White "Pajak, Jakub"]
[Black "Kwiecinski, Rafal"]
[Result "1-0"]
[WhiteElo "1887"]
[BlackElo "1759"]
[PlyCount "107"]
[EventDate "2024.04.10"]
[EventType "tourn"]
[EventRounds "1"]
[EventCountry "POL"]
[SourceDate "2024.04.10"]

1. d4 Nf6 2. Nc3 d5 3. Bg5 e6 4. e4 dxe4 5. Nxe4 Be7 6. Nxf6+ Bxf6 7. Bxf6 Qxf6
8. c3 O-O 9. Qf3 Nd7 10. Bd3 g6 11. h4 h5 12. O-O-O Qxf3 13. Nxf3 a6 14. Ng5
Nf6 15. Ne4 Nxe4 16. Bxe4 f5 17. Bf3 c6 18. Rhe1 Kf7 19. Re5 Bd7 20. Kd2 Rad8
21. Ke3 Kf6 22. Kf4 b5 23. Rc5 Rc8 24. Re1 Rg8 25. b4 Rc7 26. a4 Rb8 27. Ra1
Rb6 28. axb5 axb5 29. Ra8 Ke7 30. Kg5 Be8 31. g3 Bf7 32. Bg2 Be8 33. Kh6 Bf7
34. Kg7 Be8 35. Bf3 Bf7 36. Bxc6 Rbxc6 37. Rxc6 Rxc6 38. Ra7+ Ke8 39. Rxf7 Rxc3
40. Rb7 Rc4 41. Rxb5 Rxd4 42. Kxg6 Rd2 43. Kxh5 Rxf2 44. Kg6 Ke7 45. Rb7+ Kd6
46. Kf6 f4 47. gxf4 Rxf4+ 48. Kg5 Rf5+ 49. Kg6 Rf4 50. h5 e5 51. h6 e4 52. h7
Rh4 53. Rb8 e3 54. h8=Q 1-0

[Event "287th YMCA Spring B"]
[Site "Warsaw"]
[Date "2024.04.18"]
[Round "2"]
[White "Szukalski, Antoni"]
[Black "Sypula, Krzysztof"]
[Result "1-0"]
[WhiteElo "1792"]
[BlackElo "1758"]
[PlyCount "65"]
[EventDate "2024.04.10"]
[EventType "tourn"]
[EventRounds "1"]
[EventCountry "POL"]
[SourceDate "2024.04.10"]

1. e4 g6 2. Nf3 Bg7 3. d4 d6 4. Be2 Nf6 5. Nc3 c6 6. h3 b5 7. a3 a6 8. Be3 O-O
9. O-O Qc7 10. Qd2 Bb7 11. Bh6 e5 12. Bxg7 Kxg7 13. dxe5 dxe5 14. Rad1 Re8 15.
Qe3 Nbd7 16. Rd2 h6 17. Rfd1 Re6 18. Nh2 Nb6 19. Ng4 Nxg4 20. hxg4 Rh8 21. Qc5
Bc8 22. Nd5 Nxd5 23. exd5 Qd6 24. Qc3 cxd5 25. Rxd5 Qe7 26. f4 Re8 27. Rc5 Qf6
28. Rxc8 Rxc8 29. Qxc8 exf4 30. Bf3 Qxb2 31. Qc5 Rf6 32. Rd8 Qc1+ 33. Kh2 1-0

[Event "287th YMCA Spring B"]
[Site "Warsaw"]
[Date "2024.04.26"]
[Round "2"]
[White "Pettersson, Alexander"]
[Black "Mazurek, Jerzy"]
[Result "1/2-1/2"]
[WhiteElo "1856"]
[BlackElo "1839"]
[PlyCount "61"]
[EventDate "2024.04.10"]
[EventRounds "1"]
[EventCountry "POL"]
[SourceDate "2024.04.10"]

1. d4 d5 2. Nf3 Nf6 3. e3 c6 4. c4 Bf5 5. cxd5 cxd5 6. Qb3 Qb6 7. Qxb6 axb6 8.
Bb5+ Bd7 9. Bd3 b5 10. Ne5 b4 11. Bd2 e6 12. Ke2 Bd6 13. Rc1 O-O 14. Be1 Nc6
15. Nxd7 Nxd7 16. Nd2 e5 17. Bb5 exd4 18. Bxc6 d3+ 19. Kxd3 bxc6 20. Nf3 Ra6
21. Nd4 c5 22. Nf5 Be5 23. Kc2 Bf6 24. Rd1 Nb6 25. e4 d4 26. f4 g6 27. Ng3 Nc4
28. Bf2 d3+ 29. Rxd3 Bxb2 30. Rad1 Bc3 31. Bxc5 $11 1/2-1/2

[Event "287th YMCA Spring B"]
[Site "Warsaw"]
[Date "2024.04.19"]
[Round "2"]
[White "Pichurko, Jakub"]
[Black "Pietrzak, Wojciech"]
[Result "0-1"]
[WhiteElo "1762"]
[BlackElo "1856"]
[PlyCount "120"]
[EventDate "2024.04.10"]
[EventType "tourn"]
[EventRounds "1"]
[EventCountry "POL"]
[SourceDate "2024.04.10"]

1. d4 e6 2. Bf4 Nf6 3. e3 b6 4. Nf3 Be7 5. Nbd2 O-O 6. Bd3 Bb7 7. c3 c5 8. h3
Nc6 9. O-O h6 10. Qe2 d6 11. Bh2 Re8 12. e4 cxd4 13. cxd4 Nb4 14. Bb5 Bc6 15.
Bxc6 Nxc6 16. Rac1 Rc8 17. a3 Nb8 18. Rfd1 $11 Qd7 19. e5 Nh7 20. Bf4 d5 21.
Nf1 Rxc1 22. Rxc1 Rc8 23. Qd2 Rxc1 24. Qxc1 Qc6 25. Qxc6 Nxc6 26. h4 h5 27. Ng3
g6 28. Ne2 b5 29. g3 Bd8 30. Kf1 Bb6 31. Be3 Nf8 32. b4 Nd7 33. Ne1 Bd8 34. Nd3
$11 Nb6 35. Nc3 a6 36. Nc5 Nb8 37. a4 bxa4 38. N3xa4 Nxa4 39. Nxa4 Nc6 40. Nc5
Nxb4 41. Ke2 Be7 42. Nb3 Nc6 43. Kd3 Kf8 44. Nc1 Ke8 45. f3 Kd7 46. Bd2 Kc7 47.
Be1 g5 48. hxg5 Bxg5 49. Nb3 Be7 50. Ke3 Kb6 51. Kd3 Kb5 52. Bc3 a5 53. Kc2 Bb4
54. Bb2 Be1 55. Nc1 Bxg3 56. Ne2 Bf2 57. Nf4 Bxd4 58. Nxh5 Bxb2 59. Kxb2 Nxe5
60. f4 Nc4+ 0-1

[Event "287th YMCA Spring B"]
[Site "Warsaw"]
[Date "2024.04.18"]
[Round "2"]
[White "Kasperski, Marcin"]
[Black "Kacprzak, Karol"]
[Result "1/2-1/2"]
[WhiteElo "1766"]
[BlackElo "1810"]
[PlyCount "134"]
[EventDate "2024.04.10"]
[EventType "tourn"]
[EventRounds "1"]
[EventCountry "POL"]
[SourceDate "2024.04.10"]

1. e4 e6 2. d4 d5 3. Nc3 dxe4 4. Nxe4 Nf6 5. Bg5 Be7 6. Bxf6 gxf6 7. Nf3 b6 8.
Bb5+ Bd7 9. Qe2 Bxb5 10. Qxb5+ Qd7 11. Qxd7+ Nxd7 12. O-O-O f5 13. Ng3 Bd6 14.
d5 Bf4+ 15. Kb1 Bxg3 16. hxg3 Nc5 17. dxe6 fxe6 18. Rh6 Rd8 19. Rxd8+ Kxd8 20.
Ng5 Re8 21. Rxh7 Rg8 22. f4 Rg6 23. Kc1 Ne4 24. Nxe4 fxe4 25. Rh3 e5 26. fxe5
Kd7 27. Kd2 Ke6 28. Ke3 Rg4 29. Rh4 Rxg3+ 30. Kxe4 Rxg2 31. Rh6+ Kd7 32. Rh7+
Kc6 33. Kd3 Rg3+ 34. Kc4 b5+ 35. Kd4 Rg4+ 36. Kd3 Rg3+ 37. Ke4 Rg2 38. Rh6+ Kd7
39. e6+ Kd6 40. Kd3 Rg3+ 41. Kd2 Rg2+ 42. Kc3 a5 $11 43. b3 Rg3+ 44. Kb2 a4 45.
bxa4 bxa4 46. a3 Re3 47. e7+ Kxe7 48. Rc6 Kd7 49. Rc4 Kd6 50. Rxa4 Kc5 51. Rb4
Rf3 52. Rb7 Kc6 53. Rb8 Kc5 54. a4 Rf4 55. Kb3 Rf3+ 56. c3 Rf1 57. Rb5+ Kc6 58.
Kb4 Rb1+ 59. Kc4 Ra1 60. Rc5+ Kb6 61. a5+ Rxa5 62. Rxa5 Kxa5 63. Kc5 Ka4 64. c4
Kb3 $11 65. Kb5 c6+ 66. Kc5 Kc3 67. Kxc6 Kxc4 1/2-1/2

[Event "287th YMCA Spring B"]
[Site "Warsaw"]
[Date "2024.04.18"]
[Round "2"]
[White "Kania, Tomasz"]
[Black "Sternik, Piotr"]
[Result "1-0"]
[WhiteElo "1833"]
[BlackElo "1875"]
[PlyCount "85"]
[EventDate "2024.04.10"]
[EventType "tourn"]
[EventRounds "1"]
[EventCountry "POL"]
[SourceDate "2024.04.10"]

1. e4 c6 2. d4 d5 3. e5 Bf5 4. Nf3 e6 5. Be2 c5 6. Be3 Nc6 7. c4 cxd4 8. Nxd4
Bb4+ 9. Nc3 Nxd4 10. Qxd4 Ne7 11. cxd5 Bxc3+ 12. Qxc3 Qxd5 13. O-O Nc6 14. Bf3
Qd7 15. Rfd1 Qc7 16. Qc5 Rc8 17. Rac1 f6 18. Rd6 O-O 19. Bxc6 bxc6 20. Rxc6
Qxc6 21. Qxc6 Rxc6 22. Rxc6 fxe5 23. Bxa7 Rd8 24. h3 Rd1+ 25. Kh2 Rd2 26. Rc8+
Kf7 27. Rb8 h5 28. Be3 Rd1 29. Bc5 Ra1 30. Ra8 Be4 31. Ra7+ Kf6 32. Be7+ Kf5
33. a4 Rb1 34. b4 Bc6 35. Bc5 e4 36. b5 Bd5 37. Rxg7 Rc1 38. Be3 Rc8 39. Ra7
Rb8 40. b6 Rb7 41. Ra5 Ke5 42. Rb5 Kd6 43. a5 1-0

[Event "287th YMCA Spring B"]
[Site "Warsaw"]
[Date "2024.05.07"]
[Round "3"]
[White "Sternik, Piotr"]
[Black "Pajak, Jakub"]
[Result "0-1"]
[WhiteElo "1875"]
[BlackElo "1887"]
[PlyCount "74"]
[EventDate "2024.04.10"]
[EventType "tourn"]
[EventRounds "1"]
[EventCountry "POL"]
[SourceDate "2024.04.10"]

1. d4 d6 2. c4 e5 3. e3 g6 4. dxe5 dxe5 5. Qxd8+ Kxd8 6. Nf3 Bg7 7. Nc3 c6 8.
Ne4 Kc7 9. Bd2 b6 10. c5 Nh6 11. Bc3 f6 12. O-O-O Bf5 13. Nd6 Nd7 14. Nxf5 Nxf5
15. g4 Ne7 16. cxb6+ axb6 17. g5 Nd5 18. gxf6 Bxf6 19. Bh3 Nc5 20. Bxe5+ Bxe5
21. Nxe5 Rxa2 22. Nc4 Nb4 23. Kd2 b5 24. Kc3 Nd5+ 25. Rxd5 cxd5 26. Ne5 Re8 27.
f4 Kd6 28. Rc1 b4+ 29. Kc2 b3+ 30. Kc3 Ra7 31. Kd2 Ne4+ 32. Ke1 Rc7 33. Ra1 Ke7
34. Ra6 Rc1+ 35. Ke2 Rc2+ 36. Ke1 Kf8 37. Be6 Nc5 0-1

[Event "287th YMCA Spring B"]
[Site "Warsaw"]
[Date "2024.04.25"]
[Round "3"]
[White "Kacprzak, Karol"]
[Black "Kania, Tomasz"]
[Result "1/2-1/2"]
[WhiteElo "1810"]
[BlackElo "1833"]
[PlyCount "36"]
[EventDate "2024.04.10"]
[EventType "tourn"]
[EventRounds "1"]
[EventCountry "POL"]
[SourceDate "2024.04.10"]

1. c4 Nf6 2. Nc3 e6 3. e4 d5 4. e5 d4 5. exf6 dxc3 6. fxg7 cxd2+ 7. Qxd2 Qxd2+
8. Bxd2 Bxg7 9. O-O-O Nd7 10. Nf3 b6 11. Bd3 Nc5 12. Bc2 Bb7 13. Be3 Rd8 14.
Rxd8+ Kxd8 15. Ng5 Ke7 16. Rd1 h6 17. Nf3 Ne4 18. Ba4 Rd8 $11 1/2-1/2

[Event "287th YMCA Spring B"]
[Site "Warsaw"]
[Date "2024.04.26"]
[Round "3"]
[White "Pietrzak, Wojciech"]
[Black "Kasperski, Marcin"]
[Result "1-0"]
[WhiteElo "1856"]
[BlackElo "1766"]
[PlyCount "49"]
[EventDate "2024.04.10"]
[EventType "tourn"]
[EventRounds "1"]
[EventCountry "POL"]
[SourceDate "2024.04.10"]

1. e4 e6 2. Nf3 d5 3. Nc3 d4 4. Ne2 c5 5. Ng3 Nc6 6. Bb5 Bd7 7. O-O Qc7 8. c3
Nge7 9. b4 a6 10. Ba4 b5 11. Bc2 c4 12. cxd4 Nxb4 13. d3 Nxd3 14. Bxd3 cxd3 15.
Qxd3 Ng6 16. Nh5 b4 17. Rd1 Qa5 18. d5 e5 19. d6 Qb5 20. Qe3 Rc8 21. Rd5 Qc6
22. Nxe5 Qc3 23. Nxd7 Qxa1 24. Ndf6+ Kd8 25. Qb6+ 1-0

[Event "287th YMCA Spring B"]
[Site "Warsaw"]
[Date "2024.04.24"]
[Round "3"]
[White "Mazurek, Jerzy"]
[Black "Pichurko, Jakub"]
[Result "1/2-1/2"]
[WhiteElo "1839"]
[BlackElo "1762"]
[PlyCount "77"]
[EventDate "2024.04.10"]
[EventType "tourn"]
[EventRounds "1"]
[EventCountry "POL"]
[SourceDate "2024.04.10"]

1. e4 c6 2. d4 d5 3. Nc3 dxe4 4. Nxe4 Nf6 5. Nxf6+ exf6 6. c3 Bd6 7. Bd3 O-O 8.
Ne2 Re8 9. Qc2 h5 10. h4 Na6 11. Be3 Be6 12. O-O b5 13. a4 Nc7 14. Bf4 b4 15.
Bxd6 Qxd6 16. Rfe1 Nd5 17. c4 Nf4 18. Nxf4 Qxf4 19. Re4 Qd6 20. Rae1 f5 $11 21.
Re5 g6 22. d5 cxd5 23. cxd5 Bd7 24. Rxe8+ Rxe8 25. Rxe8+ Bxe8 26. Qc8 Qd7 27.
Qc5 Qxa4 28. d6 a5 29. Bc4 Qc6 30. Qe5 a4 31. Bd5 Qd7 32. Qf6 Kh7 33. Qe5 a3
34. bxa3 bxa3 35. Ba2 Qc6 36. Kh2 Qd7 37. Kg1 Qa4 38. Qe7 Qd7 39. Qe5 $11
1/2-1/2

[Event "287th YMCA Spring B"]
[Site "Warsaw"]
[Date "2024.04.30"]
[Round "3"]
[White "Sypula, Krzysztof"]
[Black "Pettersson, Alexander"]
[Result "0-1"]
[WhiteElo "1758"]
[BlackElo "1856"]
[PlyCount "70"]
[EventDate "2024.04.10"]
[EventType "tourn"]
[EventRounds "1"]
[EventCountry "POL"]
[SourceDate "2024.04.10"]

1. Nf3 Nf6 2. g3 d5 3. Bg2 c5 4. b3 g6 5. Bb2 Bg7 6. d3 Nc6 7. Nbd2 O-O 8. O-O
Qc7 9. c4 d4 10. Ng5 b6 11. Nge4 Nxe4 12. Nxe4 Bb7 13. f4 e6 14. a3 a5 15. Bc1
f5 16. Ng5 Rfe8 17. Rb1 h6 18. Nf3 e5 19. fxe5 Nxe5 20. Bf4 g5 21. Bxe5 Bxe5
22. Nxe5 Bxg2 23. Kxg2 Qxe5 24. Rb2 Rf8 25. Rf3 Rf6 26. a4 Raf8 27. Qd2 f4 28.
Qe1 g4 29. Rxf4 Rxf4 30. gxf4 Qxf4 31. Rb1 Qe3 32. Rb2 Qh3+ 33. Kg1 Rf5 34. Rb1
g3 35. hxg3 Rh5 0-1

[Event "287th YMCA Spring B"]
[Site "Warsaw"]
[Date "2024.04.19"]
[Round "3"]
[White "Kwiecinski, Rafal"]
[Black "Szukalski, Antoni"]
[Result "1-0"]
[WhiteElo "1759"]
[BlackElo "1792"]
[PlyCount "86"]
[EventDate "2024.04.10"]
[EventType "tourn"]
[EventRounds "1"]
[EventCountry "POL"]
[SourceDate "2024.04.10"]

1. e4 c5 2. Bc4 e6 3. Qe2 Nc6 4. c3 Be7 5. d3 d5 6. Bb3 dxe4 7. dxe4 Nf6 8. Nf3
O-O 9. Bg5 a5 10. O-O b6 11. Rd1 Qc7 12. h3 Ba6 13. Qe3 Rad8 14. Na3 Rxd1+ 15.
Rxd1 Rd8 16. Rxd8+ Qxd8 17. Ba4 Nb8 18. Bf4 Nbd7 19. Nb5 Bb7 20. Bc2 Nf8 21. a4
Qa8 22. Nd2 Bc6 23. Bd3 Ng6 24. Bh2 Qb7 25. Kf1 h6 26. b3 e5 27. f3 Qd7 28. g4
h5 29. Nc4 Bxb5 30. axb5 Qxb5 31. Nxe5 Qxb3 32. Nxg6 fxg6 33. Qd2 a4 34. Be5 c4
35. Bc2 Qb5 36. Bxf6 Bxf6 37. e5 Qxe5 38. Bxg6 Qg5 39. Qc2 Qd5 40. Be4 Qd7 41.
Bf5 Qc6 42. Bh7+ Kh8 43. Be4 Kg8 1-0

[Event "287th YMCA Spring B"]
[Site "Warsaw"]
[Date "2024.04.23"]
[Round "4"]
[White "Pajak, Jakub"]
[Black "Szukalski, Antoni"]
[Result "1-0"]
[WhiteElo "1887"]
[BlackElo "1792"]
[PlyCount "71"]
[EventDate "2024.04.10"]
[EventType "tourn"]
[EventRounds "1"]
[EventCountry "POL"]
[SourceDate "2024.04.10"]

1. e4 c5 2. Nc3 d6 3. f4 e6 4. Nf3 Nc6 5. Bb5 a6 6. Bxc6+ bxc6 7. O-O d5 8. d3
Nf6 9. Qe1 Be7 10. e5 Nd7 11. Qg3 g6 12. Nd1 Nb6 13. Nf2 c4 14. d4 c5 15. Be3
Na4 16. b3 Nc3 17. Kh1 cxb3 18. axb3 Ne2 19. Qh3 cxd4 20. Nxd4 Nxd4 21. Bxd4
Bd7 22. c3 Bb5 23. Rg1 h5 24. b4 Qc7 25. Nd1 Qc4 26. Nb2 Qe2 27. Na4 Qg4 28.
Qe3 Qe2 $11 29. Qc1 Rc8 30. Nc5 O-O 31. h3 Rc6 32. Nd7 Rfc8 33. Nf6+ Kf8 34. f5
Bxf6 35. exf6 Ke8 36. fxg6 1-0

[Event "287th YMCA Spring B"]
[Site "Warsaw"]
[Date "2024.05.08"]
[Round "4"]
[White "Pettersson, Alexander"]
[Black "Kwiecinski, Rafal"]
[Result "0-1"]
[WhiteElo "1856"]
[BlackElo "1759"]
[PlyCount "98"]
[EventDate "2024.04.10"]
[EventRounds "1"]
[EventCountry "POL"]
[SourceDate "2024.04.10"]

1. d4 Nf6 2. Nf3 g6 3. Nc3 d5 4. Bf4 Bg7 5. e3 Nh5 6. Bg5 f6 7. Bh4 a6 8. Be2
Bh6 9. O-O Be6 10. Na4 Nd7 11. b3 b5 12. Nb2 O-O 13. c4 c6 14. a4 bxc4 15. bxc4
Ng7 16. cxd5 cxd5 17. Nd3 Nf5 18. Bg3 Nxg3 19. hxg3 a5 20. Rc1 Rc8 21. Qd2 Qb6
22. Rb1 Qa7 23. Rb5 Ra8 24. Rc1 Rfb8 25. Nc5 Nxc5 26. Rcxc5 Rxb5 27. Bxb5 Qb7
28. Kh2 Ra7 29. Qc3 Bf8 30. Bc6 Qb4 31. Qc2 Bf7 32. Bxd5 e6 33. Rc4 Qe7 34. Bc6
e5 35. d5 f5 36. e4 Qf6 37. Qb2 Bd6 38. Qb6 Rc7 39. Qxa5 f4 40. Qd2 g5 41. a5
h5 42. Bb5 Re7 43. a6 h4 44. Rc8+ Kg7 45. Bc6 hxg3+ 46. fxg3 Bc5 47. Bb7 Be3
48. Qb4 Qh6+ 49. Nh4 fxg3+ 0-1

[Event "287th YMCA Spring B"]
[Site "Warsaw"]
[Date "2024.05.01"]
[Round "4"]
[White "Pichurko, Jakub"]
[Black "Sypula, Krzysztof"]
[Result "1-0"]
[WhiteElo "1762"]
[BlackElo "1758"]
[PlyCount "115"]
[EventDate "2024.04.10"]
[EventType "tourn"]
[EventRounds "1"]
[EventCountry "POL"]
[SourceDate "2024.04.10"]

1. d4 c5 2. Nf3 e6 3. g3 d5 4. Bg2 Nc6 5. O-O Nf6 6. c4 dxc4 7. Qa4 Qa5 8. Qxc4
Qb4 9. Qxb4 cxb4 10. Nbd2 Be7 11. e4 O-O 12. b3 Rd8 13. Bb2 b6 14. Rac1 Bb7 15.
Rfe1 Rac8 16. e5 Nd5 17. Ne4 Nb8 18. Nfd2 b5 19. Nc5 Bc6 20. Nde4 Nb6 21. f4
Bxe4 22. Nxe4 Nd5 23. Kf2 Nd7 24. Ke2 f5 25. exf6 gxf6 26. Kd2 f5 27. Nf2 N7f6
28. Nd3 Ne4+ 29. Bxe4 fxe4 30. Ne5 e3+ 31. Kd3 Rxc1 32. Rxc1 Rd6 33. Ng4 e2 34.
Kxe2 Ra6 35. Ra1 Nc3+ 36. Bxc3 bxc3 37. Kd3 Rc6 38. Ne5 Rc8 39. a4 bxa4 40.
bxa4 Bb4 41. Kc2 a5 42. Rd1 Kf8 43. Ng4 Ba3 44. Nf2 Bb2 45. Ne4 Rc4 46. Rd3
Rxa4 47. Nxc3 Rb4 48. Na2 Rxd4 49. Rb3 Ba1 50. Rb1 Re4 51. Rxa1 Re2+ 52. Kd3
Rxh2 53. Nc3 h5 54. Rxa5 Rh3 55. Rg5 h4 56. Ne4 hxg3 57. Rxg3 Rh1 58. Kd4 1-0

[Event "287th YMCA Spring B"]
[Site "Warsaw"]
[Date "2024.05.01"]
[Round "4"]
[White "Kasperski, Marcin"]
[Black "Mazurek, Jerzy"]
[Result "1/2-1/2"]
[WhiteElo "1766"]
[BlackElo "1839"]
[PlyCount "134"]
[EventDate "2024.04.10"]
[EventType "tourn"]
[EventRounds "1"]
[EventCountry "POL"]
[SourceDate "2024.04.10"]

1. c4 e5 2. g3 Nf6 3. Bg2 d5 4. cxd5 Nxd5 5. Nc3 Nb6 6. d3 Nc6 7. Nf3 Be7 8.
O-O O-O 9. a3 Re8 10. Qc2 Bg4 11. e3 Qd7 12. b4 a6 13. Bb2 Rad8 14. Rfd1 Bf8
15. Rd2 h6 16. Rc1 Qe6 17. Ne4 f5 18. Nc5 Bxc5 19. bxc5 Nd5 20. Ne1 f4 21. e4
Nde7 22. Qc4 fxg3 23. hxg3 Nd4 24. Bxd4 Rxd4 25. Qxe6+ Bxe6 26. Rb2 Bc8 27. f4
Nc6 28. Kf2 Ra4 29. Rc3 Nd4 30. Rb4 Rxb4 31. axb4 Bd7 32. Ke3 Nb5 33. Rc1 b6
34. Nf3 exf4+ 35. gxf4 a5 36. bxa5 bxa5 37. c6 Be6 38. d4 a4 39. Bf1 Nd6 40.
Ne5 Bb3 41. Ra1 Ra8 42. Ra3 Bc2 43. Bd3 Bxd3 44. Kxd3 Nb5 45. Ra2 Kh7 46. Nc4
g5 47. fxg5 hxg5 48. Ne5 Kg7 49. d5 a3 50. Nc4 Kf6 51. e5+ Ke7 52. Ne3 Ra4 53.
Nf5+ Ke8 54. d6 cxd6 55. Nxd6+ Nxd6 56. exd6 Kd8 57. Rh2 Rh4 58. Ra2 Rh6 59.
Ke4 Rxd6 60. Rxa3 Rxc6 61. Kf5 Rc5+ 62. Kg4 Ke7 63. Ra6 Kf7 64. Rb6 Kg7 65. Ra6
Rb5 66. Rc6 Rd5 67. Ra6 Rb5 $11 1/2-1/2

[Event "287th YMCA Spring B"]
[Site "Warsaw"]
[Date "2024.05.20"]
[Round "4"]
[White "Kania, Tomasz"]
[Black "Pietrzak, Wojciech"]
[Result "0-1"]
[WhiteElo "1833"]
[BlackElo "1856"]
[PlyCount "58"]
[EventDate "2024.04.10"]
[EventType "tourn"]
[EventRounds "1"]
[EventCountry "POL"]
[SourceDate "2024.04.10"]

1. d4 d5 2. c4 dxc4 3. Nf3 c6 4. e3 Be6 5. Nc3 b5 6. Ng5 Bd7 7. a4 e5 8. Nf3
exd4 9. Qxd4 Nf6 10. axb5 cxb5 11. Nxb5 Bb4+ 12. Bd2 Nc6 13. Qxc4 Bxd2+ 14.
Nxd2 O-O 15. Be2 Ne5 16. Qd4 Bxb5 17. Bxb5 Qb8 18. Bc4 Rd8 19. Qc3 Rxd2 20.
Qxd2 Nxc4 21. Qc3 Ne5 22. O-O Neg4 23. f4 Nd5 24. Qd4 Ndxe3 25. Rfc1 Qb7 26.
Qd2 Qb6 27. Kh1 Nd1 28. Rxd1 Nf2+ 29. Kg1 Nxd1+ 0-1

[Event "287th YMCA Spring B"]
[Site "Warsaw"]
[Date "2024.05.08"]
[Round "4"]
[White "Sternik, Piotr"]
[Black "Kacprzak, Karol"]
[Result "1/2-1/2"]
[WhiteElo "1875"]
[BlackElo "1810"]
[PlyCount "29"]
[EventDate "2024.04.10"]
[EventType "tourn"]
[EventRounds "1"]
[EventCountry "POL"]
[SourceDate "2024.04.10"]

1. d4 d5 2. c4 e6 3. Nf3 c5 4. cxd5 exd5 5. g3 Nc6 6. Bg2 Nf6 7. O-O Be7 8. Nc3
O-O 9. b3 Ne4 10. Bb2 Bf6 11. e3 cxd4 12. Nxd4 Nxd4 13. exd4 Nxc3 14. Bxc3 Re8
15. Re1 1/2-1/2

[Event "287th YMCA Spring B"]
[Site "Warsaw"]
[Date "2024.05.14"]
[Round "5"]
[White "Kacprzak, Karol"]
[Black "Pajak, Jakub"]
[Result "1/2-1/2"]
[WhiteElo "1810"]
[BlackElo "1887"]
[PlyCount "28"]
[EventDate "2024.04.10"]
[EventType "tourn"]
[EventRounds "1"]
[EventCountry "POL"]
[SourceDate "2024.04.10"]

1. c4 e5 2. Nc3 Nc6 3. g3 Bb4 4. Bg2 f5 5. d3 Nf6 6. Nf3 O-O 7. O-O d6 8. a3
Bxc3 9. bxc3 Qe8 10. Qb3 Kh8 11. c5 d5 12. Bg5 Qf7 13. Bxf6 gxf6 14. e3 b6 $11
1/2-1/2